[Event "Budapest FS03 IM"]
[Site "Budapest"]
[Date "1996.??.??"]
[Round "11"]
[White "Horvath, Gabor"]
[Black "Bors, Tamas"]
[Result "0-1"]
[WhiteElo "2275"]
[BlackElo "2150"]

1.Nf3 d5 2.g3 c5 3.Bg2 Nc6 4.d3 Nf6 5.O-O e5 6.Nbd2 Be7 7.e4 d4 8.Nc4 Qc7
9.a4 Be6 10.Na3 h6 11.Nh4 O-O-O 12.Nf5 Bf8 13.f4 Nd7 14.Nb5 Qb8 15.Nfxd4 exd4
16.f5 Bc4 17.dxc4 f6 18.c3 a6 19.Na3 Nde5 20.cxd4 Nxd4 21.Qh5 Bd6 22.Be3 Nec6
23.Rad1 Be5 24.Nb1 Nb3 25.Nc3 Bxc3 26.bxc3 Qe5 27.Bf4 Qe7 28.Rd5 Nba5 29.Qe2 Rd7
30.Rb1 Rhd8 31.Be3 Rxd5 32.cxd5 Ne5 33.Bf4 Nac4 34.Qd1 Nd6 35.Be3 Ndc4 36.Bf2 Qc7
37.Bf1 Nd6 38.Bg2 Rd7 39.h3 Qa5 40.Qc2 Ndc4 41.Rd1 Rd6 42.Bf1 Rb6 43.Bxc4 Nxc4
44.Qe2 Qxa4 45.Bxc5 Rb2 46.Qh5 Ne5 47.Bf2 Kd7 48.Rc1 Qxe4 49.Re1 Nf3+ 50.Kf1 Rxf2+
51.Kxf2 Qxe1+  0-1

[Event "Budapest FS02 IM"]
[Site "Budapest"]
[Date "1996.??.??"]
[Round "11"]
[White "Hennig, Dirk"]
[Black "Arnold, Johannes"]
[Result "1-0"]
[WhiteElo "2355"]
[BlackElo "2190"]

1.Nf3 d5 2.g3 c6 3.Bg2 Bg4 4.b3 Nd7 5.Bb2 e6 6.h3 Bh5 7.O-O f5 8.d3 Ngf6
9.Nbd2 Bc5 10.Qe1 Qe7 11.e4 fxe4 12.dxe4 O-O-O 13.a3 Rhe8 14.b4 Bb6 15.e5 Ng8
16.c4 g5 17.c5 Bc7 18.g4 Bg6 19.Qe3 h6 20.Rfc1 b5 21.cxb6 Bxb6 22.Bd4 Kb7
23.Nb3 Rf8 24.Bc5 Nxc5 25.Nxc5+ Bxc5 26.Rxc5 Be8 27.Nd4 h5 28.Rac1 hxg4 29.Rxc6 Rf4
30.Rc7+  1-0

[Event "Budapest FS09 IM"]
[Site "Budapest"]
[Date "1996.??.??"]
[Round "11"]
[White "Eperjesi, Laszlo"]
[Black "Bigaliev, Renat"]
[Result "1/2-1/2"]
[WhiteElo "2395"]
[BlackElo "2430"]

1.Nf3 d5 2.g3 Bg4 3.Bg2 Nd7 4.c4 dxc4 5.Na3 e5 6.Nxc4 Bxf3 7.Bxf3 c6 8.d4 Bb4+
9.Bd2 Qe7 10.dxe5 Nxe5 11.Nxe5 Bxd2+ 12.Qxd2 Qxe5 13.Rd1 Nf6 14.Qb4 Qe7 15.Qxe7+ Kxe7
16.e3 Rhd8  1/2-1/2

[Event "Budapest FS02 IM"]
[Site "Budapest"]
[Date "1996.??.??"]
[Round "12"]
[White "Zaitsev, Vadim"]
[Black "Ivakhin, Maxim"]
[Result "0-1"]
[WhiteElo "2365"]
[BlackElo "2300"]

1.Nf3 d5 2.g3 Bf5 3.Bg2 Nf6 4.c4 e6 5.b3 Be7 6.Bb2 O-O 7.O-O c6 8.d3 h6 9.Nbd2 Nbd7
10.a3 a5 11.Qc2 Qb6 12.Bc3 c5 13.cxd5 exd5 14.e4 Bh7 15.exd5 Nxd5 16.Nc4 Qc7
17.Bb2 Bf6 18.Rfd1 Rfd8 19.Rac1 Nf8 20.Bxf6 Nxf6 21.Nce5 Rd5 22.Qb2 Rad8
23.b4 axb4 24.axb4 b6 25.bxc5 bxc5 26.d4 Ne6 27.Nxf7 Kxf7 28.Ne5+ Qxe5 29.dxe5 Rxd1+
30.Bf1 R8d2 31.Qb7+ Rd7 32.Qb2 Rxc1 33.Qxc1 Ne4 34.Bb5 Rd2 35.Bc6 N6g5 36.Qc4+ Ke7
37.Bxe4 Bxe4 38.Qxc5+ Ke6 39.Qc8+ Kf7 40.Kf1 Bf3 41.Qc7+ Kg6 42.Qb6+ Kh5  0-1

[Event "JUG-chT"]
[Site "Budva"]
[Date "1996.??.??"]
[Round "4"]
[White "Tosic, Miroslav"]
[Black "Drasko, Milan"]
[Result "1/2-1/2"]
[WhiteElo "2415"]
[BlackElo "2505"]

1.Nf3 d5 2.g3 c6 3.Bg2 Bg4 4.Ne5 Bf5 5.c4 e6 6.b3 Nf6 7.O-O Be7 8.Bb2 O-O
9.d3 h6 10.Nd2 Nbd7 11.Qc2 Nxe5 12.Bxe5 Nd7  1/2-1/2

[Event "JUG-chT"]
[Site "Budva"]
[Date "1996.??.??"]
[Round "5"]
[White "Vukic, Milan"]
[Black "Kosic, Dragan"]
[Result "1-0"]
[WhiteElo "2460"]
[BlackElo "2515"]

1.Nf3 d5 2.g3 c6 3.Bg2 Bg4 4.b3 Nd7 5.Bb2 Ngf6 6.O-O Bxf3 7.Bxf3 e5 8.d3 Bc5
9.e3 O-O 10.c4 e4 11.Bg2 Re8 12.cxd5 cxd5 13.dxe4 dxe4 14.Nc3 Qe7 15.Nd5 Nxd5
16.Qxd5 Nb6 17.Qh5 Bd6 18.Rfd1 g6 19.Qa5 Be5 20.Bxe5 Qxe5 21.Qxe5 Rxe5 22.Rac1 Rae8
23.Rc7 R8e7 24.Rxe7 Rxe7 25.g4 Kg7 26.h4 f5 27.Kh2 Nd7 28.Rd6 fxg4 29.Bxe4 Nf6
30.Bg2 b6 31.Kg3 Rf7 32.Rd2 h5 33.e4 Nd7 34.Rd5 Kf6 35.Rd6+ Kg7 36.f3 gxf3
37.Bxf3 Ne5 38.Be2 Rf6 39.Rd5 Re6 40.Kf4 Kf6 41.Bf1 Re7 42.Bh3 Nf7 43.Bg2 Ne5
44.Bf1 Nf7 45.Bc4 Ne5 46.Rd6+ Kg7 47.Be6 Kf6 48.Bc8+ Kg7 49.Be6 Kf6 50.Bh3+ Kg7
51.a3 Kf7 52.a4 Kg7 53.b4 Kf7 54.Bc8 Nc4 55.Rd4 Ne5 56.Rd5 Kf6 57.a5 bxa5
58.bxa5 Nc4 59.a6 Ne5 60.Rd6+ Kg7 61.Bb7 Nf7 62.Rd5 Kf6 63.Rc5 Ne5 64.Rc8 Kg7
65.Bd5 Kf6 66.Bb7 Kg7 67.Ke3 Kf6 68.Rf8+ Kg7 69.Ra8 Nc4+ 70.Kd4 Ne5 71.Rb8 Nf7
72.Bd5 Nd6 73.Rg8+ Kh6 74.Rd8 Nb5+ 75.Kc5 Nc7 76.Kd6 Rh7 77.Bc4 g5 78.Rc8 Nxa6
79.Bxa6 gxh4 80.e5  1-0

[Event "Buenos Aires op"]
[Site "Buenos Aires"]
[Date "1996.??.??"]
[Round "?"]
[White "Fiorito, Fabian"]
[Black "Kanefsck, Gustavo"]
[Result "1-0"]
[WhiteElo "2455"]
[BlackElo "2295"]

1.g3 d5 2.Nf3 Nf6 3.Bg2 c6 4.O-O g6 5.b3 Bg7 6.Bb2 O-O 7.c4 Bf5 8.d3 a5 9.Nc3 Na6
10.a3 Re8 11.cxd5 Nxd5 12.Qc2 e5 13.Rfd1 Rc8 14.h3 Be6 15.Ne4 f6 16.Ned2 c5
17.Rac1 Nb8 18.e3 Bf7 19.Re1 Ne7 20.Qb1 Nf5 21.Ne4 b6 22.d4 exd4 23.exd4 c4
24.bxc4 Rxc4 25.Rxc4 Bxc4 26.d5 Nd7 27.g4 Nh6 28.g5 fxg5 29.Bxg7 Kxg7 30.Nfxg5 Qe7
31.Ne6+ Kg8 32.Qc1  1-0

[Event "Buenos Aires Najdorf"]
[Site "Buenos Aires"]
[Date "1996.??.??"]
[Round "3"]
[White "Zarnicki, Pablo"]
[Black "Magem Badals, Jorge"]
[Result "1/2-1/2"]
[WhiteElo "2545"]
[BlackElo "2565"]

1.g3 d5 2.Nf3 Bg4 3.Bg2 Nd7 4.c4 e6 5.b3 Ngf6 6.O-O c6 7.Bb2 Bd6 8.d3 O-O
9.Nbd2 a5 10.a3 Re8 11.h3 Bh5 12.e4 dxe4 13.dxe4 Be5 14.Qc2  1/2-1/2

[Event "Cacak"]
[Site "Cacak"]
[Date "1996.??.??"]
[Round "4"]
[White "Strikovic, Aleksa"]
[Black "Damljanovic, Branko"]
[Result "1/2-1/2"]
[WhiteElo "2550"]
[BlackElo "2470"]

1.Nf3 d5 2.g3 g6 3.d4 Bg7 4.Bg2 Nf6 5.O-O O-O 6.c3 Nbd7 7.Bf4 c6 8.Nbd2 Nh5
9.Be3 e5 10.Nxe5 Nxe5 11.dxe5 Bxe5 12.Bh6 Bg7 13.Bxg7 Kxg7 14.e4 dxe4 15.Nxe4 Qxd1
16.Raxd1  1/2-1/2

[Event "Calcutta op"]
[Site "Calcutta"]
[Date "1996.??.??"]
[Round "10"]
[White "Hegde, Ravi Gopal"]
[Black "Reefat bin Satter"]
[Result "1-0"]
[WhiteElo "2355"]
[BlackElo "2465"]

1.Nf3 d5 2.g3 c6 3.Bg2 Bg4 4.O-O Nd7 5.d4 e6 6.Nbd2 f5 7.c4 Ngf6 8.Qb3 Qb6
9.Ng5 Qxb3 10.axb3 Ke7 11.f3 Bh5 12.e4 h6 13.Nh3 Bf7 14.Re1 g6 15.Nf4 Kd8
16.cxd5 cxd5 17.exf5 exf5 18.Nf1 Nb8 19.Ne6+ Bxe6 20.Rxe6 Be7 21.Bf4 Kd7
22.Rb6 axb6 23.Rxa8 Bd6 24.Be5 Ke6 25.Bxf6 Kxf6 26.Ne3 Rc8 27.Nxd5+ Ke6 28.Nc3 b5
29.f4 b4 30.Bxb7 Rc7 31.Bd5+ Ke7 32.Nb5 Rc2 33.Ra7+ Nd7 34.Ra6  1-0

[Event "Calcutta op"]
[Site "Calcutta"]
[Date "1996.??.??"]
[Round "10"]
[White "Ganguly, Surya Shekhar"]
[Black "Roy Chowdhury, Biswajit"]
[Result "1-0"]
[WhiteElo "2265"]
[BlackElo "2085"]

1.Nf3 d5 2.g3 c6 3.Bg2 Bg4 4.d4 Nf6 5.O-O e6 6.c4 Bd6 7.Ne5 Bf5 8.Nc3 O-O
9.f4 Nbd7 10.e3 h6 11.b3 Rc8 12.Bb2 b6 13.Qe2 Ne4 14.g4 Nxc3 15.Bxc3 Bh7
16.e4 Nf6 17.exd5 cxd5 18.f5 exf5 19.gxf5 dxc4 20.bxc4 Re8 21.Qb2 Qc7 22.Rae1 Re7
23.Kh1 Rce8 24.Bc6 Rd8 25.d5 Qc8 26.Qf2 Qa6 27.Qg2 Qa3 28.Ba1 Kf8 29.Rg1 Nh5
30.Nd7+ Rdxd7 31.Bxd7 f6 32.Rxe7 Bxe7 33.d6 Bd8 34.Qe2  1-0

[Event "Cannes Martinez op"]
[Site "Cannes"]
[Date "1996.??.??"]
[Round "1"]
[White "Villeneuve, Alain"]
[Black "Kovarcic, Gilles"]
[Result "1-0"]
[WhiteElo "2320"]
[BlackElo "2115"]

1.Nf3 d5 2.g3 Nc6 3.d4 Bg4 4.Bg2 Qd7 5.h3 Bf5 6.g4 Be4 7.Nc3 O-O-O 8.Bf4 g5
9.Bxg5 h5 10.gxh5 Rxh5 11.h4 f6 12.Be3 Bf5 13.a3 Na5 14.Nd2 e6 15.Nf1 Bd6
16.Ng3 Bxg3 17.fxg3 Qh7 18.Kf2 Bxc2 19.Qg1 Nc4 20.Bf3 Rf5 21.g4 Rxf3+ 22.exf3 Nxb2
23.Ra2 Nc4 24.Qc1 Bd3 25.Na4 Ne7 26.Nb2 Nd6 27.Bf4 Ne8 28.Qe3 Ng7 29.Nxd3  1-0

[Event "Cannes op"]
[Site "Cannes"]
[Date "1996.??.??"]
[Round "1"]
[White "Zichichi, Alvise"]
[Black "Godena, Michele"]
[Result "0-1"]
[WhiteElo "2340"]
[BlackElo "2485"]

1.Nf3 d5 2.g3 Nf6 3.Bg2 e6 4.O-O Be7 5.b3 b6 6.c4 Bb7 7.Bb2 O-O 8.e3 Nbd7
9.Qe2 a5 10.d3 a4 11.Nbd2 c5 12.Rfd1 Qc7 13.cxd5 Nxd5 14.e4 Nb4 15.Nc4 Nc6
16.Na3 axb3 17.axb3 Qb8 18.e5 Nd4 19.Nxd4 cxd4 20.Bxb7 Qxb7 21.Nb5 Rxa1 22.Rxa1 Qd5
23.Nxd4 Nxe5 24.Qe4 Bf6 25.Ra7 g6 26.Rb7 Nxd3  0-1

[Event "Cannes op"]
[Site "Cannes"]
[Date "1996.??.??"]
[Round "2"]
[White "Weindl, Alfred"]
[Black "Piankov, Evgenij"]
[Result "0-1"]
[WhiteElo "2335"]
[BlackElo "2410"]

1.Nf3 d5 2.g3 g6 3.Bg2 Bg7 4.O-O Nf6 5.d3 O-O 6.Nbd2 c6 7.e4 e6 8.Re1 b6
9.e5 Nfd7 10.Nf1 c5 11.c3 Qc7 12.Bf4 Nc6 13.h4 Ba6 14.N1h2 b5 15.Ng4 Kh8
16.Qd2 b4 17.Bh6 Rg8 18.cxb4 Nxb4 19.Ng5 Raf8 20.Qf4 Bxh6 21.Nxf7+ Rxf7 22.Qxf7 Rf8
23.Qxe6 Bg7 24.a3 Bc8 25.axb4 Nxe5 26.Qxd5 Nxg4 27.Qxc5 Qxc5 28.bxc5 Bd4
29.c6 Bxf2+ 30.Kh1 Bxe1 31.Rxe1 Nf2+ 32.Kg1 Nxd3 33.Re7 Nxb2 34.Rxa7 Nc4
35.Bd5 Ne3 36.Bf7 Nf5 37.Kh2 Nd6 38.Bd5 Bf5 39.Re7  0-1

[Event "Cannes Martinez op"]
[Site "Cannes"]
[Date "1996.??.??"]
[Round "4"]
[White "Carlhammar, Magnus"]
[Black "Fontaine, Robert"]
[Result "1-0"]
[WhiteElo "2310"]
[BlackElo "2360"]

1.Nf3 d5 2.g3 Nf6 3.Bg2 c6 4.O-O Bg4 5.b3 Nbd7 6.Bb2 e6 7.d3 Bd6 8.Nbd2 O-O
9.h3 Bh5 10.Qe1 Qe7 11.a3 Bxf3 12.Nxf3 Nc5 13.Ne5 Nfd7 14.Nxd7 Nxd7 15.e4 f5
16.exd5 cxd5 17.f4 Nf6 18.c4 dxc4 19.dxc4 Rae8 20.b4 Qf7 21.Rd1 Bb8 22.Be5 h5
23.Bxb8 Rxb8 24.Rd6 Rbe8 25.Qe3 a6 26.Re1 Kh7 27.Rb6 Re7 28.Rxe6 Rxe6 29.Qxe6 Qg6
30.Re5 Qxg3 31.Qxf5+ Kh8 32.Qg5 Qxa3 33.Re7 Rg8 34.c5 Nh7 35.Qe5 Nf6 36.Qg5 Nh7
37.Qe5 Nf6 38.Rxb7 h4 39.Qg5 Qe3+ 40.Kh2 Qf2  1-0

[Event "Cannes Martinez op"]
[Site "Cannes"]
[Date "1996.??.??"]
[Round "5"]
[White "Carlhammar, Magnus"]
[Black "Mitkov, Nikola"]
[Result "0-1"]
[WhiteElo "2310"]
[BlackElo "2470"]

1.Nf3 d5 2.g3 Bg4 3.Bg2 Nd7 4.c4 e6 5.O-O c6 6.b3 Ngf6 7.Bb2 a5 8.a3 Be7
9.d3 O-O 10.Nbd2 Re8 11.Qc2 Bf8 12.h3 Bh5 13.Rac1 h6 14.Rfe1 Bg6 15.cxd5 exd5
16.Ra1 Qb6 17.Bc3 Bc5 18.e3 Bd6 19.Bf1 Qc7 20.Qb2 Re6 21.b4 Qb6 22.Rab1 axb4
23.axb4 Ree8 24.Ra1 Qc7 25.Bd4 Bf8 26.Ra3 Qd6 27.Rb1 Rec8 28.Qa1 Rxa3 29.Qxa3 Ne8
30.Qa7 Qc7 31.b5 c5 32.Ba1 Nb6 33.Qa2 Ra8 34.Qb3 c4 35.Qc3 Ra3 36.Qe5 Qxe5
37.Nxe5 c3 38.Nxg6 fxg6 39.Rc1 Rxa1 40.Rxa1 Ba3  0-1

[Event "Cannes op"]
[Site "Cannes"]
[Date "1996.??.??"]
[Round "6"]
[White "Todorcevic, Miodrag"]
[Black "Lukasiewicz, Grzegorz"]
[Result "1-0"]
[WhiteElo "2450"]
[BlackElo "2330"]

1.Nf3 d5 2.g3 Bg4 3.Bg2 c6 4.d3 Nd7 5.Nbd2 Ngf6 6.h3 Bh5 7.e4 dxe4 8.dxe4 e5
9.O-O Be7 10.b3 O-O 11.Bb2 Qc7 12.a4 a5 13.Qe2 Rfe8 14.Nc4 Bc5 15.Rad1 b5
16.axb5 cxb5 17.Na3 Bxa3 18.Bxa3 b4 19.Bb2 Rac8 20.Rd2 Nc5 21.g4 Bg6 22.Bxe5 Qe7
23.Bxf6 Qxf6 24.e5 Qe7 25.Nd4 Qxe5 26.Qxe5 Rxe5 27.f4 Re3 28.f5 h5 29.fxg6 fxg6
30.gxh5 gxh5 31.Nc6 g6 32.Nxa5 Ne4 33.Bxe4 Rxe4 34.Nc4 Ra8 35.Rd7 Re2 36.Rf2  1-0

[Event "Cannes Martinez op"]
[Site "Cannes"]
[Date "1996.??.??"]
[Round "6"]
[White "Kirov, Nino"]
[Black "Carlhammar, Magnus"]
[Result "1-0"]
[WhiteElo "2440"]
[BlackElo "2310"]

1.Nf3 d5 2.g3 c5 3.Bg2 Nc6 4.d4 e6 5.O-O Nf6 6.c4 Be7 7.cxd5 exd5 8.Be3 c4
9.b3 cxb3 10.Qxb3 Na5 11.Qd3 Nc4 12.Bf4 Be6 13.Nc3 Qa5 14.Rab1 Bb4 15.Rfc1 Rc8
16.Ng5 O-O 17.Bxd5 Na3 18.Bxe6 Rxc3 19.Rxc3 Nxb1 20.Bxf7+ Rxf7 21.Rc8+ Rf8
22.Rxf8+ Bxf8 23.Qxb1  1-0

[Event "Cannes op"]
[Site "Cannes"]
[Date "1996.??.??"]
[Round "7"]
[White "Zichichi, Alvise"]
[Black "Lazovic, Gordan"]
[Result "1-0"]
[WhiteElo "2340"]
[BlackElo "2325"]

1.Nf3 d5 2.g3 Nf6 3.Bg2 e6 4.O-O Be7 5.b3 O-O 6.c4 c5 7.Bb2 Nc6 8.e3 b6 9.Qe2 Bb7
10.d3 Rc8 11.Nc3 Rc7 12.Rfd1 Rd7 13.a3 Qa8 14.cxd5 Nxd5 15.Nxd5 Rxd5 16.Ne1 Rd6
17.b4 cxb4 18.axb4 Rfd8 19.b5 Na5 20.Qg4 Bf8 21.Be5 R6d7 22.e4 Nb3 23.Rab1 Nc5
24.Bf6 Rc8 25.h4 Kh8 26.Ba1 Rcd8 27.h5 h6 28.Bf1 a6 29.f3 axb5 30.d4 Qa3
31.Bxb5 Qe3+ 32.Kf1 Ba6 33.Bxa6 Nxa6 34.Nc2 Qg5 35.Qxg5 hxg5 36.Rxb6 Rd6
37.Rb5 f6 38.Ne3 Rc6 39.Rdb1 Nb4 40.Ke2 Nc2 41.d5 exd5 42.Nxd5 Bd6 43.h6 Nxa1
44.hxg7+ Kxg7 45.Rb7+ Kg6 46.Rxa1 Rc2+ 47.Kd3 Rf2 48.Raa7 Bf8 49.g4 Rxf3+
50.Ke2 Rg3 51.Rf7 Rxd5 52.exd5 Bh6 53.d6 Rxg4 54.Rfd7 Rd4 55.Rd8 Bf8 56.d7 Be7
57.Re8 Bc5 58.Rb7 Bb6 59.Rg8+ Kf5 60.Rxb6 Rxd7 61.Rf8 Kg4 62.Rfxf6 Rd5 63.Rb4+ Kh5
64.Rf8  1-0

[Event "Cannes Martinez op"]
[Site "Cannes"]
[Date "1996.??.??"]
[Round "7"]
[White "Maiffret, Patrick"]
[Black "Fargere, J."]
[Result "0-1"]
[WhiteElo "1990"]
[BlackElo "1960"]

1.Nf3 d5 2.g3 c5 3.Bg2 Nc6 4.d3 e5 5.Nbd2 f5 6.c4 d4 7.O-O Bd6 8.e3 Nf6 9.exd4 cxd4
10.a3 O-O 11.b4 a6 12.Qb3 Kh8 13.c5 Bb8 14.Re1 f4 15.Ng5 Qe8 16.Nc4 h6 17.Nb6 hxg5
18.Nxa8 fxg3 19.hxg3 Qh5 20.Nb6 Ng4 21.Ra2 Qh2+ 22.Kf1 Qxg3 23.Ree2 Nh2+
24.Kg1 Nf3+ 25.Kf1 Qh2 26.Bxf3 Bh3+ 27.Ke1 Qg1+ 28.Kd2 Rxf3 29.Kc2 Bf5 30.Rd2 e4
31.Qf7 exd3+ 32.Kb1 Qh1 33.Qd5 Bg6 34.Qd7 Bf4 35.Qxb7 Rxf2 36.Nc4 Rf1 37.Qc8+ Kh7
38.Kb2 Bxd2 39.Nxd2 Rxc1 40.Kb3 Qd1+  0-1

[Event "Cannes Martinez op"]
[Site "Cannes"]
[Date "1996.??.??"]
[Round "7"]
[White "Carlier, Bruno"]
[Black "Villeneuve, Alain"]
[Result "1/2-1/2"]
[WhiteElo "2380"]
[BlackElo "2320"]

1.Nf3 d5 2.g3 Nf6 3.Bg2 Bf5 4.O-O h6 5.c4 e6 6.Qb3 Qc8 7.Nc3 c6 8.d4 Nbd7
9.Bf4 g5 10.Be5 Nxe5 11.Nxe5 Qc7 12.cxd5 Nxd5 13.e4 Nxc3 14.bxc3 Bh7 15.Rab1 O-O-O
16.Qa4 Bg7 17.Qxa7 Bxe5 18.dxe5 Rd3 19.Qc5 Rhd8 20.a4 Kd7 21.Rfd1 Ke8 22.Rxd3 Rxd3
23.Qa7 Rd7 24.a5 Kf8 25.Qc5+ Kg7 26.h3 Rd2 27.a6 bxa6 28.Rb6 Qa7 29.Qxc6 a5
30.c4 Rc2 31.c5 a4 32.Rb7 Qxc5 33.Qxc5 Rxc5 34.Ra7 Rc1+ 35.Kh2 Ra1 36.g4 Bg6
37.f3 Kf8 38.Kg3 a3 39.Kf2 Ke8 40.Bf1 Kd8 41.Bd3 Kc8 42.Be2 Kb8 43.Ra5 Kb7
44.Rb5+ Kc6 45.Ra5 h5 46.Bd3 Kb6 47.Rb5+ Kc6 48.Ra5 Kb6  1/2-1/2

[Event "Cannes op"]
[Site "Cannes"]
[Date "1996.??.??"]
[Round "8"]
[White "Weindl, Alfred"]
[Black "Medancic, Rikard"]
[Result "1-0"]
[WhiteElo "2335"]
[BlackElo "2340"]

1.Nf3 d5 2.g3 c5 3.Bg2 Nc6 4.O-O e5 5.d3 Bd6 6.Nc3 Nge7 7.e4 d4 8.Nd5 Nb4
9.c4 dxc3 10.bxc3 Nbxd5 11.exd5 O-O 12.Re1 Qc7 13.Nd2 Nf5 14.a4 Bd7 15.Nc4 Rfe8
16.Ra2 Rad8 17.Rae2 f6 18.Qb3 g5 19.f4 exf4 20.gxf4 g4 21.Rxe8+ Bxe8 22.Re6 Bd7
23.Rxf6 Kg7 24.Rxd6 Nxd6 25.Nxd6 Qxd6 26.c4 Kh6 27.Qc3 Rf8 28.Qe1 Qf6 29.Qe4 Qh4
30.Bf1 Re8  1-0

[Event "Cannes Martinez op"]
[Site "Cannes"]
[Date "1996.??.??"]
[Round "8"]
[White "Kirov, Nino"]
[Black "Dorfman, Josif D"]
[Result "1-0"]
[WhiteElo "2440"]
[BlackElo "2590"]

1.Nf3 d5 2.g3 Bg4 3.Bg2 c6 4.O-O e6 5.c4 Nf6 6.cxd5 Bxf3 7.Bxf3 cxd5 8.d4 Nc6
9.Nc3 Be7 10.b3 O-O 11.Bb2 Qa5 12.e3 Rfc8 13.a3 Qd8 14.b4 Nb8 15.e4 dxe4
16.Nxe4 Nd5 17.Qe2 Nd7 18.Nc5 Nxc5 19.dxc5 b6 20.cxb6 axb6 21.Rfd1 Bf6 22.Rd3 Bxb2
23.Qxb2 Qf6 24.Qxf6 gxf6 25.Rad1 Kg7 26.Kg2 Ra7 27.Bxd5 exd5 28.Rxd5 Rxa3
29.R1d4 Rac3 30.Rg4+ Kf8 31.Rh4 R8c4 32.Rxh7 Kg8 33.Rhh5 Rxb4 34.Rd6 Kg7
35.Rf5 Rc7 36.Rdxf6 Rb7 37.h4 b5 38.h5 Re4 39.h6+ Kh7 40.Rxf7+ Rxf7 41.Rxf7+ Kxh6
42.Rb7 Rb4 43.f4 Kh5 44.Kh3 Rb1 45.g4+ Kg6 46.Rb6+ Kf7 47.g5 b4 48.Kg4 b3
49.Kf5 b2 50.g6+ Ke7 51.g7 Rg1 52.Rb7+ Ke8 53.Kf6  1-0

[Event "Cannes op"]
[Site "Cannes"]
[Date "1996.??.??"]
[Round "8"]
[White "Levacic, Patrick"]
[Black "Piankov, Evgenij"]
[Result "0-1"]
[WhiteElo "2350"]
[BlackElo "2410"]

1.Nf3 d5 2.g3 g6 3.Bg2 Bg7 4.O-O Nf6 5.d3 O-O 6.Nbd2 Bg4 7.e4 dxe4 8.dxe4 Nc6
9.h3 Bxf3 10.Qxf3 e5 11.c3 Qe7 12.Re1 Nd7 13.Nc4 Nd8 14.Be3 Ne6 15.a4 Nb6
16.Nd2 Rfd8 17.a5 Nc8 18.Qe2 Nd6 19.b4 a6 20.Nb3 Nb5 21.Qc4 Qd7 22.Rec1 Rac8
23.h4 c5 24.bxc5 Qc6 25.Rd1 Bf8 26.Rd5 Nec7 27.Bg5 Re8 28.Bh3 Nd6 29.Qd3 Nxe4
30.c4 f5 31.Bg2 Nxg5 32.hxg5 e4 33.Qd1 Ne6 34.g4 Bg7 35.Ra2 Nf4 36.gxf5 gxf5
37.Rd6 Qc7 38.Rad2 Qe7 39.R2d5 Qxg5 40.Qf1 Nxd5 41.Rxd5 Rc6  0-1

[Event "Catalunya-chT"]
[Site "Catalunya"]
[Date "1996.??.??"]
[Round "?"]
[White "Ferran Biosca, Robert"]
[Black "Mateu, Xavier"]
[Result "0-1"]
[WhiteElo "2175"]
[BlackElo "2365"]

1.Nf3 d5 2.g3 Bg4 3.Bg2 Nc6 4.d4 Qd7 5.h3 Bf5 6.c3 f6 7.Nbd2 e5 8.dxe5 fxe5
9.Nh4 Be6 10.e4 Nf6 11.exd5 Bxd5 12.O-O O-O-O 13.Qe2 g5 14.Nhf3 g4 15.Nxe5 Nxe5
16.Qxe5 Bxg2 17.Kxg2 gxh3+ 18.Kg1 Ng4 19.Qh5 h2+ 20.Kg2 Rg8 21.Nf3 Bd6 22.Bg5 Rdf8
23.Nxh2 Nxh2 24.Kxh2 Qf5  0-1

[Event "Ceske Budejovice op"]
[Site "Ceske Budejovice"]
[Date "1996.??.??"]
[Round "1"]
[White "Widera, Jan"]
[Black "Haba, Petr"]
[Result "0-1"]
[WhiteElo "2175"]
[BlackElo "2485"]

1.Nf3 d5 2.g3 c5 3.Bg2 Nc6 4.O-O e5 5.d3 Bd6 6.Nbd2 Nge7 7.e4 d4 8.Nc4 Bc7
9.a4 h6 10.Bd2 Be6 11.b3 Qd7 12.a5 O-O 13.Nh4 Rab8 14.f4 exf4 15.gxf4 f5
16.exf5 Nxf5 17.Nxf5 Rxf5 18.Qe2 Bd5 19.Rae1 Bxg2 20.Kxg2 Rf6 21.Qh5 Rbf8
22.Qxc5 Qg4+ 23.Kh1 Rf5 24.Qa3 Bxf4 25.Bxf4 Rxf4 26.Qc1 Rf2 27.Rxf2 Rxf2  0-1

[Event "Ceske Budejovice op"]
[Site "Ceske Budejovice"]
[Date "1996.??.??"]
[Round "8"]
[White "Vokac, Marek"]
[Black "Maiorov, Oleg"]
[Result "1/2-1/2"]
[WhiteElo "2470"]
[BlackElo "2470"]

1.Nf3 d5 2.g3 Nf6 3.Bg2 Bg4 4.O-O Nbd7 5.d3 e5 6.Nbd2 c6 7.e4 Qc7 8.h3 Bh5
9.Qe2 dxe4 10.dxe4 Nc5 11.Re1 Ne6 12.c3 Bxf3 13.Qxf3 h5 14.h4 Ng4 15.Nc4 Bc5
16.Ne3 Nxe3  1/2-1/2

[Event "ARG-ch sf"]
[Site "Chaco"]
[Date "1996.??.??"]
[Round "?"]
[White "Soppe, Guillermo"]
[Black "Quiroga, Facundo"]
[Result "1/2-1/2"]
[WhiteElo "2465"]
[BlackElo "2300"]

1.Nf3 d5 2.g3 Bg4 3.Bg2 Nd7 4.O-O e5 5.d3 Ngf6 6.Nbd2 Bd6 7.h3 Bh5 8.e4 dxe4
9.dxe4 O-O 10.Qe1 Nc5 11.b3 Bxf3 12.Bxf3 b5 13.Bb2 Qe7 14.Bg2 a5 15.a3 Nfd7
16.Qe2 Rfb8 17.Rfd1 c6 18.Nf1 Bc7 19.Ne3 g6 20.Qg4 Rd8 21.a4 bxa4 22.bxa4 Nb6
23.Ba3 Nbxa4 24.Bf1 Rxd1 25.Rxd1 Rd8 26.Rxd8+ Qxd8 27.Bc4  1/2-1/2

[Event "Capablanca mem-D"]
[Site "Cienfuegos"]
[Date "1996.??.??"]
[Round "4"]
[White "Li, Manuel"]
[Black "Fandino, Roquelina"]
[Result "1/2-1/2"]
[WhiteElo "2380"]
[BlackElo "2145"]

1.Nf3 d5 2.g3 Nf6 3.Bg2 c6 4.O-O e6 5.d4 Nbd7 6.b3 Be7 7.c4 O-O 8.Nc3 b6
9.Nd2 Ba6 10.Bb2 Rc8 11.Re1 h6 12.Rc1 Re8 13.Rc2 Bb7 14.e4 dxe4 15.Ndxe4 Nxe4
16.Nxe4 Nf6 17.Nc3 Rc7 18.a3 Rd7 19.Rd2 Qa8 20.Na4 Red8 21.b4  1/2-1/2

[Event "Capablanca mem-A"]
[Site "Cienfuegos"]
[Date "1996.??.??"]
[Round "5"]
[White "Hernandez, Gilberto"]
[Black "Arencibia, Walter"]
[Result "0-1"]
[WhiteElo "2555"]
[BlackElo "2515"]

1.Nf3 d5 2.g3 Nc6 3.Bg2 e5 4.d3 Nf6 5.O-O Be7 6.c4 O-O 7.cxd5 Nxd5 8.Nc3 Nb6
9.a3 Re8 10.b4 a5 11.b5 Nd4 12.Bb2 Bf8 13.Ne4 a4 14.Bxd4 exd4 15.Qc2 Ra5
16.Qb2 f5 17.Ned2 Rxe2 18.Nxd4 Re8 19.Rfe1 Be7 20.Nc4 Nxc4 21.dxc4 Bc5 22.Bd5+ Kh8
23.Rxe8+ Qxe8 24.Nf3 Qf8 25.Re1 h6 26.Qe2 Bd7 27.Bxb7 Bxa3 28.Rd1 Bd6 29.c5 Rxb5
30.cxd6 Rxb7 31.Qe7 Qc8 32.Rc1 a3 33.dxc7 a2 34.Qa3 Rb1 35.Nd2 a1=Q  0-1

[Event "Capablanca mem-C"]
[Site "Cienfuegos"]
[Date "1996.??.??"]
[Round "6"]
[White "Moreno, Alejandro"]
[Black "Ribeiro, Fernando"]
[Result "1/2-1/2"]
[WhiteElo "2420"]
[BlackElo "2325"]

1.Nf3 d5 2.g3 Nc6 3.Bg2 e5 4.d3 f5 5.O-O Nf6 6.c4 dxc4 7.Qa4 Bd6 8.Qxc4 Qe7
9.Nc3 Be6 10.Qa4 O-O 11.Bd2 Kh8 12.Rac1 Rad8 13.Nb5 Bc5 14.Nxc7 Bxf2+ 15.Rxf2 Qxc7
16.Ng5 Bd7 17.Qxa7 h6 18.Bxc6 Bxc6 19.Ne6 Qd7 20.Nxf8 Rxf8 21.Qc5 Re8 22.Rcf1 f4
23.Rg2 Qh3 24.Rf3 e4 25.dxe4 Nxe4 26.Qd4 Ng5 27.Bc3 Rg8 28.Qxf4 Qe6 29.Kh1 Rd8
30.g4 Rd1+ 31.Rf1 Bxg2+ 32.Kxg2 Qxe2+ 33.Qf2 Qxg4+ 34.Qg3 Qe4+ 35.Kg1 Rd3
36.Qg2 Rf3 37.Rxf3 Nxf3+ 38.Kf2 Ng5 39.Qxe4 Nxe4+ 40.Ke3 Nxc3 41.bxc3 Kg8
42.Ke4 Kf7 43.Kf5 b5 44.a3 g5 45.Ke5 Kg6 46.c4 bxc4 47.Kd4 g4 48.a4 h5 49.a5 h4  1/2-1/2

[Event "Politiken Cup"]
[Site "Copenhagen"]
[Date "1996.??.??"]
[Round "4"]
[White "Dahl Pedersen, H."]
[Black "Johansen, Terje"]
[Result "1/2-1/2"]
[WhiteElo "2185"]
[BlackElo "2375"]

1.Nf3 d5 2.g3 Nf6 3.Bg2 g6 4.d3 Bg7 5.O-O O-O 6.Nbd2 c6 7.e4 dxe4 8.dxe4 Na6
9.Qe2 Bg4 10.h3 Be6 11.Ng5 Nc7 12.Nxe6 Nxe6 13.Nb3 Qc7 14.c3 Rfd8 15.Be3 Nd7
16.Rad1 c5 17.Rd2 Nb6 18.Rfd1 Rxd2 19.Rxd2 a5 20.Qb5 Qc6 21.Bf1 Na4 22.Qxc6 bxc6
23.Bc4 Nb6 24.Bxe6 fxe6 25.Nxc5 Nc4 26.Re2 Kf7 27.b3 Na3 28.c4 Nb1 29.Na4 Rd8
30.Bb6 Rd1+ 31.Kg2 Nc3 32.Rc2 Nxa4 33.bxa4 Rd3 34.Bxa5 Ra3 35.Bb4 Rxa4 36.a3 Bd4
37.c5 e5 38.f4 Ra8 39.Kf3 Ke6 40.h4 exf4 41.gxf4 Rf8 42.Bc3 Bg1 43.Rc1 Bxc5
44.Bg7 Bxa3 45.Ra1 Rg8 46.Rxa3 Rxg7 47.Ra8 Kd6 48.e5+ Ke6 49.Ke4 Rf7 50.Ra6 Kd7
51.Ra7+ Kd8 52.Ra8+ Kc7 53.Ra7+ Kd8 54.Ra8+ Kd7 55.Ra7+ Ke6 56.Rc7 Rf5 57.Rxc6+ Kd7
58.Rc3 Rh5 59.Rh3 Ke6 60.Rh2 h6 61.Rg2 Kf7 62.Rg4  1/2-1/2

[Event "Politiken Cup"]
[Site "Copenhagen"]
[Date "1996.??.??"]
[Round "4"]
[White "Nilsson, Nils Specht"]
[Black "Guindy, Esmat"]
[Result "1-0"]
[WhiteElo "2225"]
[BlackElo "2060"]

1.Nf3 d5 2.g3 c5 3.Bg2 Nf6 4.O-O e6 5.b3 Be7 6.Bb2 Nc6 7.d4 O-O 8.e3 b6 9.Ne5 Bb7
10.f4 Rc8 11.Nd2 Ne8 12.g4 f6 13.Nxc6 Bxc6 14.Rf3 Nd6 15.Rh3 Ne4 16.Bxe4 dxe4
17.c4 Bd6 18.Qc2 cxd4 19.Nxe4 dxe3 20.Rd1 e2 21.Qxe2 Bxe4 22.Qxe4 Bc5+ 23.Bd4 Re8
24.Qxh7+ Kf7 25.Rhd3 Qc7 26.g5 e5 27.g6+ Ke6 28.Qh3+ f5 29.fxe5 Bxd4+ 30.Rxd4 Qxe5
31.Rd5 Qf4 32.R5d4 Qg5+ 33.Kh1 Red8 34.Re1+ Kf6 35.Rxd8 Rxd8 36.Qc3+ Kxg6
37.Rg1  1-0

[Event "Politiken Cup"]
[Site "Copenhagen"]
[Date "1996.??.??"]
[Round "5"]
[White "Hansen, Lars Bo"]
[Black "Pyda, Zbigniew"]
[Result "1-0"]
[WhiteElo "2565"]
[BlackElo "2305"]

1.Nf3 d5 2.g3 Bg4 3.Bg2 Nd7 4.O-O c6 5.d4 Ngf6 6.Nbd2 e6 7.Re1 Be7 8.e4 dxe4
9.Nxe4 O-O 10.c3 Bf5 11.Nxf6+ Bxf6 12.Bf4 Re8 13.Ne5 Nxe5 14.Bxe5 Bxe5 15.Rxe5 Qd6
16.Qe2 Re7 17.h4 f6 18.Re3 Rae8 19.Rd1 Qc7 20.Qc4 Kf8 21.Rde1 Bg6 22.Rxe6 Rxe6
23.Rxe6 Rxe6 24.Qxe6 Bf7 25.Qf5 Bxa2 26.Qxh7 Qb6 27.Qc2 Be6 28.Qe2 Bf7 29.Bf3 Qb3
30.Qd2 a5 31.h5 Qa2 32.g4 a4 33.Qc1 Be6 34.Kg2 Bf7 35.Kg3 Qb3 36.Qa1 Qc2
37.Qa3+ Ke8 38.Qb4 Qb3 39.Qxb3 Bxb3 40.Be4 Ke7 41.f4 Bf7 42.Bc2 b5 43.Kh4 Ke6
44.Be4 Kd6 45.g5  1-0